Loading...
| Science - Chemistry | 1 | 4 | 2 | 0 | 45 | 59 | 101.00 | 4 | 5 |
| Beliefs - Mythology | 0 | 4 | 0 | 0 | 40 | 63 | 95.25 | 3 | 4 |
| Other - Pop Culture | 1 | 2 | 1 | 0 | 30 | 54 | 92.33 | 2 | 3 |
| Science - Physics | 0 | 3 | 0 | 0 | 30 | 67 | 89.00 | 2 | 3 |
| History - World History | 1 | 1 | 0 | 1 | 25 | 73 | 99.50 | 1 | 2 |
| Literature - British Lit | 1 | 2 | 2 | 0 | 25 | 86 | 94.67 | 1 | 3 |
| Other - Other Academic | 1 | 1 | 0 | 0 | 25 | 34 | 78.00 | 1 | 2 |
| Science - Biology | 0 | 3 | 1 | 1 | 25 | 116 | 124.33 | 1 | 3 |
| History - American History | 0 | 3 | 1 | 1 | 25 | 88 | 108.33 | 1 | 3 |
| History - Other History | 1 | 1 | 0 | 0 | 25 | 69 | 90.50 | 2 | 2 |
| Arts - Other Arts | 0 | 2 | 0 | 0 | 20 | 110 | 112.50 | 2 | 2 |
| Beliefs - Religion | 0 | 2 | 0 | 0 | 20 | 90 | 105.50 | 1 | 2 |
| Arts - Painting | 1 | 0 | 0 | 0 | 15 | 65 | 65.00 | 1 | 1 |
| Science - Engineering | 0 | 2 | 1 | 0 | 15 | 93 | 103.00 | 1 | 2 |
| Arts - Music | 0 | 1 | 0 | 0 | 10 | 122 | 122.00 | 0 | 1 |
| Literature - American Lit | 0 | 1 | 0 | 0 | 10 | 124 | 124.00 | 1 | 1 |
| Literature - Euro Lit | 0 | 1 | 0 | 0 | 10 | 83 | 83.00 | 1 | 1 |
| Literature - World Lit | 0 | 1 | 0 | 1 | 10 | 122 | 122.00 | 0 | 1 |
| Thought - Philosophy | 0 | 1 | 0 | 0 | 10 | 79 | 79.00 | 1 | 1 |
| Other - Geo/CE | 0 | 1 | 3 | 0 | -5 | 114 | 114.00 | 0 | 1 |
| Thought - Social Science | 0 | 0 | 1 | 0 | -5 | 0.00 | 0 | 0 | |
| Science - Other Science | 0 | 0 | 2 | 0 | -10 | 0.00 | 0 | 0 |